Klíč k účinnému vedení lidí : odemkněte potenciál svých spolupracovníků /

Main Author: Tureckiová, Michaela
Language: Czech
Published: Praha : Grada, 2007
Edition: Vyd. 1.
Series: Vedení lidí v praxi
Subjects:
Online Access: Digitalizovaný dokument
Physical Description: 122 s. : il. ; 24 cm
Book
Saved in:
LEADER 01628nam a2200457 a 4500
001 nkc20071714488
003 CZ PrNK
005 20190926235009.0
007 ta
008 070329s2007 xr a e f 000 0 cze
015 |a cnb001714488 
020 |a 978-80-247-0882-9  |q (brož.) 
035 |a (OCoLC)187295737 
040 |a BOA001  |b cze  |d ABA001  |d OLA001 
072 7 |a 316.4/.7  |x Sociální interakce. Sociální komunikace  |2 Konspekt  |9 18 
080 |a 005  |2 MRF 
080 |a 316.46/.47  |2 MRF 
080 |a 005.32  |2 MRF 
080 |a (035)  |2 MRF 
100 1 |a Tureckiová, Michaela  |7 xx0022818  |4 aut 
245 1 0 |a Klíč k účinnému vedení lidí :  |b odemkněte potenciál svých spolupracovníků /  |c Michaela Tureckiová 
250 |a Vyd. 1. 
260 |a Praha :  |b Grada,  |c 2007 
300 |a 122 s. :  |b il. ;  |c 24 cm 
490 1 |a Vedení lidí v praxi 
504 |a Obsahuje bibliografii 
650 0 7 |a management  |7 ph115217  |2 czenas 
650 0 7 |a řídící práce  |7 ph128306  |2 czenas 
650 0 7 |a psychologie řízení  |7 ph136831  |2 czenas 
650 0 9 |a management  |2 eczenas 
650 0 9 |a leadership  |2 eczenas 
650 0 9 |a psychology of management  |2 eczenas 
655 7 |a příručky  |7 fd133209  |2 czenas 
655 9 |a handbooks and manuals  |2 eczenas 
830 0 |a Vedení lidí v praxi  |0 s 
856 4 1 |u https://www.digitalniknihovna.cz/mzk/uuid/uuid:9ae1e950-ba99-11e9-8fdf-005056827e52  |y Digitalizovaný dokument  |x NDK 
910 2 |a BOA001  |b 2-1186.643 
990 |a BK 
995 |a 01 
991 |b 200705  |c NOV 
996 6 |b 2610311625  |c 2-1186.643  |l MZK  |r Sklad / do 1 hodiny  |n 37  |p p.v.  |w 000850899  |u 000010  |a 1  |e BOA001  |j MZK50  |s P